01126nam a2200277Ia 4500001001200000003000800012006001900020007001500039008004100054020001500095040002100110035002000131050002400151100002500175245011600200260006100316300002300377504005100400533015200451650002500603650003100628655002900659710001700688856012600705999001700831ebr10063867CaPaEBRm u cr cn|||||||||041017s2003 dcua gsb 001 0 eng d z0815764316 aCaPaEBRcCaPaEBR a(OCoLC)5379833314aJZ6368b.O36 2003eb1 aO'Hanlon, Michael E.10aExpanding global military capacity for humanitarian interventionh[electronic resource] /cMichael E. O'Hanlon. aWashington, D.C. :bBrookings Institution Press,cc2003. axi, 125 p. :bill. aIncludes bibliographical references and index. aElectronic reproduction.bPalo Alto, Calif. :cebrary,d2009.nAvailable via World Wide Web.nAccess may be limited to ebrary affiliated libraries. 0aPeacekeeping forces. 0aHumanitarian intervention. 7aElectronic books.2local2 aebrary, Inc.40uhttp://site.ebrary.com/lib/rucke/Doc?id=10063867zAn electronic book accessible through the World Wide Web; click to view c47295d47295